Introducción a la econometría: un enfoque moderno

محفوظ في:
التفاصيل البيبلوغرافية
المؤلف الرئيسي: Wooldridge, Jeffrey M (مؤلف)
التنسيق: كتاب
اللغة:الإسبانية
منشور في: Madrid Paraninfo 2006
الطبعة:2a. ed
الموضوعات:
الوسوم: إضافة وسم
لا توجد وسوم, كن أول من يضع وسما على هذه التسجيلة!

MARC

LEADER 00000cam a2200000 a 4500
001 UCF2712
003 CL-VaPUC
005 20240104150223.0
008 120910e20060000SP |||||||||||||||||spa|d
999 |c 349252  |d 349250 
020 |a 9788497322683 
040 |c Pontificia Universidad Católica de Valparaíso 
082 0 4 |a 330.015195  |b WOO  |2 21 
100 0 |a Wooldridge, Jeffrey M  |e author  |9 564470 
245 1 0 |a Introducción a la econometría: un enfoque moderno 
250 |a 2a. ed 
260 |a Madrid  |b Paraninfo  |c 2006 
300 |a 960 p 
583 |a last modification  |c 20120914 01:06:11  |k Rodrigo Vera 
650 0 |a Econometría   |9 261029 
650 0 |a Análisis de regresión   |9 263763 
650 0 |a Estadística matemática  |9 260028 
650 0 |a Probabilidades   |9 260199 
942 |c BK  |2 ddc 
945 |d 20120910 00:00:00  |a cmena 
952 |0 0  |1 0  |4 0  |6 330_015195000000000_WOO_2006  |7 0  |8 R  |9 451800  |a BIBGIM  |b BIBGIM  |d 2019-11-22  |i 4901630  |o 330.015195 WOO 2006  |p 4901630  |r 2025-01-15  |w 2019-11-22  |y BK_R  |k COM 
952 |0 0  |1 0  |4 0  |6 330_015195000000000_WOO_2006  |7 0  |8 R  |9 451801  |a BIBGIM  |b BIBGIM  |d 2019-11-22  |i 4901649  |o 330.015195 WOO 2006  |p 4901649  |r 2025-01-15  |w 2019-11-22  |y BK_R  |k COM 
952 |0 0  |1 0  |4 0  |6 330_015195000000000_WOO_2006  |7 0  |8 R  |9 451802  |a BIBGIM  |b BIBGIM  |d 2019-11-22  |i 4901622  |l 1  |o 330.015195 WOO 2006  |p 4901622  |r 2025-01-15  |s 2022-05-23  |w 2019-11-22  |y BK_R  |k COM